[Event "34th Chess Olympiad (men)"]
[Site "Istanbul"]
[Date "2000.11.12"]
[Round "14.2.1"]
[White "Jussupow, Artur"]
[Black "Adams, Michael"]
[WhiteElo "2610"]
[BlackElo "2755"]
[WhiteCountry "GER"]
[BlackCountry "ENG"]
[Result "1/2-1/2"]

1. d4 Nf6 2. c4 e6 3. Nc3 Bb4 4. Qc2 O-O 5. a3 Bxc3+ 6. Qxc3 b5 7. cxb5 c6 
8. Bg5 cxb5 9. e3 Bb7 10. f3 h6 11. Bxf6 Qxf6 12. Nh3 Rc8 13. Qd2 a6 14. Bd3 d6 
15. Rf1 
1/2-1/2

[Event "34th Chess Olympiad (men)"]
[Site "Istanbul"]
[Date "2000.11.12"]
[Round "14.2.3"]
[White "Dautov, Rustem"]
[Black "Hodgson, Julian M"]
[WhiteElo "2606"]
[BlackElo "2640"]
[WhiteCountry "GER"]
[BlackCountry "ENG"]
[Result "1-0"]

1. d4 Nf6 2. c4 c6 3. Nc3 d5 4. e3 a6 5. Qc2 g6 6. Nf3 Bg7 7. Bd3 O-O 
8. O-O Bg4 9. Ne5 Be6 10. b3 c5 11. Ne2 dxc4 12. bxc4 Nfd7 13. Nxd7 Bxd7 
14. Rb1 Nc6 15. dxc5 Rb8 16. Bd2 Ne5 17. Be4 Qc7 18. Bb4 Be6 19. Nf4 Bxc4 
20. Rfd1 Rfd8 21. Bc3 Bb5 22. Nd5 Rxd5 23. Rxd5 Ng4 24. g3 Bc6 25. Rdd1 Nxe3 
26. fxe3 Bxe4 27. Qxe4 Bxc3 28. c6 bxc6 29. Rxb8+ Qxb8 30. Qxe7 Qb4 
31. Qxb4 Bxb4 32. Kf2 Kg7 33. Ke2 Kf6 34. Kd3 Ke5 35. Kc4 Ke4 
1-0

[Event "34th Chess Olympiad (men)"]
[Site "Istanbul"]
[Date "2000.11.12"]
[Round "14.2.4"]
[White "Emms, John M"]
[Black "Lutz, Christopher"]
[WhiteElo "2527"]
[BlackElo "2595"]
[WhiteCountry "ENG"]
[BlackCountry "GER"]
[Result "1/2-1/2"]

1. e4 c5 2. Nf3 d6 3. d4 cxd4 4. Nxd4 Nf6 5. Nc3 a6 6. Bc4 e6 7. O-O Be7 
8. a4 Nc6 9. Be3 O-O 10. Kh1 Qc7 11. Qe2 Bd7 12. Rad1 Rac8 13. Bb3 Qa5 
14. f4 Nxd4 15. Rxd4 Bc6 16. Bd2 Qh5 17. Qxh5 Nxh5 18. f5 exf5 19. Rxf5 Nf6 
20. Rf1 Nd7 21. Bf4 
1/2-1/2

[Event "34th Chess Olympiad (men)"]
[Site "Istanbul"]
[Date "2000.11.12"]
[Round "14.3.1"]
[White "Leko, Peter"]
[Black "Beliavsky, Alexander G"]
[WhiteElo "2743"]
[BlackElo "2654"]
[WhiteCountry "HUN"]
[BlackCountry "SLO"]
[Result "1/2-1/2"]

1. e4 e5 2. Nf3 Nc6 3. Bb5 a6 4. Ba4 Nf6 5. O-O Be7 6. Re1 b5 7. Bb3 d6 
8. c3 O-O 9. h3 Re8 10. d4 Bb7 11. Nbd2 Bf8 12. a4 Na5 13. Bc2 c5 14. d5 c4 
15. b4 cxb3 16. Nxb3 Nxb3 17. Bxb3 Nd7 18. c4 Nc5 19. axb5 Qb6 20. Rb1 axb5 
21. Be3 Reb8 22. Nd2 b4 23. Ba4 Ba6 24. Bc6 Ra7 25. Qc2 Rc7 26. Rb2 Rxc6 
27. dxc6 Qxc6 28. Reb1 b3 29. Nxb3 Qxe4 30. Qxe4 Nxe4 31. Na5 Rc8 32. f3 Nc3 
33. Rc1 d5 34. Rxc3 d4 35. Rb6 dxc3 36. Rxa6 c2 37. Nb3 Rxc4 38. Kf2 f5 
39. Ke2 e4 40. fxe4 fxe4 41. Ra2 Rc3 42. Nc1 Rc4 43. Ra7 Bd6 44. Rd7 Ba3 
45. Rb7 Rc3 46. Bd2 Rg3 47. Kf2 e3+ 48. Bxe3 Rxe3 49. Kxe3 Bxc1+ 50. Kd3 h5 
51. Kxc2 Bh6 52. Kd3 g6 53. Ke4 Bg7 54. Kd5 Bc3 55. Rc7 Bb2 56. Rc2 Ba1 
57. Ke6 Kg7 58. Rf2 Bc3 59. Rf7+ Kg8 60. Rc7 Bb2 61. Kd5 Bf6 62. Ke6 Bb2 
63. Rc4 Kg7 64. Rf4 Bc3 65. Ra4 Bb2 66. Rc4 Ba1 67. Rb4 Bc3 68. Re4 Bb2 
69. Ra4 Bc3 70. h4 Bb2 71. Rc4 Ba1 72. g4 hxg4 73. Rxg4 Kh6 74. Rg5 Bc3 
75. Kf7 Be1 76. Rxg6+ Kh5 77. Rg1 Bf2 78. Rg2 Be1 79. Kf6 Kxh4 80. Kf5 Bg3 
81. Rc2 Kh3 82. Rc3 Kh4 83. Rc8 Bd6 84. Rc3 Bb8 85. Rc8 Bd6 86. Rg8 Kh3 
87. Ke4 Kh4 88. Rg6 Bc7 89. Kf3 Kh5 90. Rc6 Bb8 91. Rb6 Bc7 92. Rb7 Bd8 
93. Kf4 Kg6 94. Ra7 Kf6 95. Ra6+ Ke7 96. Ke5 Bc7+ 97. Kd5 Bg3 98. Ra3 Bf4 
99. Rf3 Bc7 100. Rh3 Bf4 101. Rh8 Bg3 102. Rh6 Bf4 103. Re6+ Kf7 104. Rb6 Ke7 
105. Ke4 Bd6 106. Kf5 Kd7 107. Rb2 Bc7 108. Rg2 Kd6 109. Rg6+ Kd5 110. Rg7 Kd6 
111. Ke4 Kc6 112. Rg6+ Kc5 
1/2-1/2

[Event "34th Chess Olympiad (men)"]
[Site "Istanbul"]
[Date "2000.11.12"]
[Round "14.4.3"]
[White "Kurajica, Bojan"]
[Black "Baklan, Vladimir"]
[WhiteElo "2534"]
[BlackElo "2599"]
[WhiteCountry "BIH"]
[BlackCountry "UKR"]
[Result "1/2-1/2"]

1. c4 c5 2. g3 Nf6 3. Bg2 Nc6 4. Nc3 g6 5. Nf3 d6 6. O-O Bg7 7. a3 O-O 
8. Rb1 d5 9. cxd5 Nxd5 10. Qa4 Nb6 11. Qh4 Nd4 12. d3 Nf5 13. Qf4 Re8 
14. Qd2 Nd6 15. Qd1 Bd7 16. Ng5 Rc8 17. Be3 c4 18. Nge4 cxd3 19. Qxd3 Bf5 
20. Bxb6 Qxb6 21. Nd5 Qd8 22. Rbd1 Rc4 23. f3 Bxe4 24. fxe4 Rd4 25. Qe3 Rxd1 
26. Rxd1 e6 27. Nb4 Qc7 28. Rc1 Qb6 29. Qxb6 axb6 30. Nd3 Bd4+ 31. Kf1 e5 
32. Rc7 Kf8 33. Ke1 Rd8 34. e3 Bxe3 35. Nxe5 Bd4 36. Nd3 b5 37. e5 Nc4 
38. e6 fxe6 39. Rxh7 Nxb2 40. Nf4 Bc3+ 41. Ke2 Kg8 42. Rc7 Be5 43. Rxb7 Bxf4 
44. gxf4 Nc4 45. Rxb5 Rd2+ 46. Kf3 Rd3+ 47. Kf2 Rxa3 48. Be4 Nd6 49. Re5 Ra2+ 
50. Kg3 Nxe4+ 51. Rxe4 Kf7 52. Re5 Kf6 53. h4 Ra3+ 54. Kg4 Ra1 55. h5 Rg1+ 
56. Kf3 g5 57. Rxg5 Rxg5 58. fxg5+ Kxg5 59. Ke4 Kxh5 60. Ke5 Kg6 61. Ke4 
1/2-1/2

[Event "34th Chess Olympiad (men)"]
[Site "Istanbul"]
[Date "2000.11.12"]
[Round "14.4.4"]
[White "Eingorn, Vereslav S"]
[Black "Dizdarevic, Emir"]
[WhiteElo "2586"]
[BlackElo "2527"]
[WhiteCountry "UKR"]
[BlackCountry "BIH"]
[Result "1-0"]

1. d4 Nf6 2. Nf3 g6 3. c4 d6 4. Nc3 Bf5 5. h3 Na6 6. g4 Bd7 7. Bg2 Bg7 
8. Be3 c6 9. Rc1 Nc7 10. a3 O-O 11. Qd2 Be6 12. b3 d5 13. Ne5 Nd7 14. Nxd7 Qxd7 
15. Na4 b6 16. c5 b5 17. Nb2 f6 18. Bh6 Bf7 19. Bxg7 Kxg7 20. Nd3 a5 21. f4 a4 
22. b4 Rh8 23. Qe3 h5 24. Qg3 hxg4 25. hxg4 Rxh1+ 26. Bxh1 Rh8 27. Bf3 Ne6 
28. e3 g5 29. f5 Qc7 30. Kf2 Qxg3+ 31. Kxg3 Nc7 32. Re1 Rd8 33. Bd1 e6 
34. Bc2 Re8 35. Nc1 Rh8 36. fxe6 Nxe6 37. Bf5 Re8 38. Ne2 Bg6 39. Kf2 Nd8 
40. Ng3 Nf7 41. Bd7 Rh8 42. Bxc6 Rh2+ 43. Kf3 Ra2 44. Bxb5 Rxa3 45. Bc6 
1-0

[Event "34th Chess Olympiad (men)"]
[Site "Istanbul"]
[Date "2000.11.12"]
[Round "14.5.3"]
[White "Avrukh, Boris"]
[Black "Ivanisevic, Ivan"]
[WhiteElo "2625"]
[BlackElo "2530"]
[WhiteCountry "ISR"]
[BlackCountry "YUG"]
[Result "0-1"]

1. d4 g6 2. e4 Bg7 3. c4 d6 4. Nc3 c5 5. d5 e6 6. Bd3 Ne7 7. h4 h5 8. Bg5 e5 
9. Nge2 Nd7 10. Qd2 Nf6 11. f3 a6 12. Nd1 Nh7 13. Bh6 Bf6 14. g3 Bd7 
15. Nf2 Rb8 16. b4 b6 17. a4 a5 18. b5 Ng8 19. Be3 Qe7 20. O-O-O Kd8 
21. Bc2 Nf8 22. Nd3 Bg7 23. f4 Nf6 24. fxe5 Nxe4 25. Qe1 Bg4 26. Nxc5 dxc5 
27. Bxe4 Qxe5 28. Nd4 cxd4 29. Bxd4 Qxd4 30. Rxd4 Bxd4 31. Qd2 Bg7 32. Qf2 f5 
33. Bf3 Nd7 34. Bxg4 hxg4 35. Kb1 Be5 36. Re1 Re8 37. h5 Nc5 38. Qe3 Ne4 
39. hxg6 Kc7 40. Rh1 Rh8 41. Rh7+ Kd6 42. Qh6 Kc5 43. g7 Rhg8 44. Qe6 Rbe8 
45. Qxf5 Nd2+ 46. Ka2 Nxc4 47. Rh6 Rxg7 48. Rc6+ Kd4 49. Qf2+ Ne3 50. Rc1 Ke4 
51. d6 Rd7 52. Re1 Bd4 53. Qc2+ Ke5 54. Qd3 Kd5 55. Rh1 Rxd6 56. Rh5+ Re5 
57. Qb3+ Nc4 58. Rxe5+ Bxe5 59. Qd3+ Kc5 60. Qf5 Rd2+ 61. Kb1 Kb4 62. Qe4 Bd4 
63. Qxg4 Ne3 
0-1

[Event "34th Chess Olympiad (men)"]
[Site "Istanbul"]
[Date "2000.11.12"]
[Round "14.7.2"]
[White "Nedev, Trajce"]
[Black "Lputian, Smbat G"]
[WhiteElo "2487"]
[BlackElo "2598"]
[WhiteCountry "FRM"]
[BlackCountry "ARM"]
[Result "0-1"]

1. e4 e6 2. d4 d5 3. Nd2 Be7 4. Ngf3 Nf6 5. Bd3 c5 6. e5 Nfd7 7. c3 Nc6 
8. O-O O-O 9. Re1 Qb6 10. Nf1 cxd4 11. cxd4 g6 12. Bc2 f6 13. exf6 Nxf6 
14. Ba4 Ne4 15. Bxc6 bxc6 16. Ng3 c5 17. Be3 Qxb2 18. dxc5 Nxc5 19. Bd4 Qa3 
20. Rc1 Rf4 21. Ne5 Ba6 22. Rc3 Qb2 23. Nc6 Bd6 24. Nh5 Rxf2 25. Rg3 Be2 
26. Nf6+ Rxf6 27. Rxe2 Qb6 28. Ne5 Raf8 29. Re1 Bxe5 30. Rxe5 Rf1+ 
31. Qxf1 Rxf1+ 32. Kxf1 Qb5+ 33. Re2 Ne4 34. Rge3 Qb1+ 35. Re1 Qxa2 
36. R3e2 Qc4 37. Be5 d4 38. g3 Nc3 
0-1

[Event "34th Chess Olympiad (men)"]
[Site "Istanbul"]
[Date "2000.11.12"]
[Round "14.8.4"]
[White "Barua, Dibyendu"]
[Black "Perez, Rodney"]
[WhiteElo "2502"]
[BlackElo "2478"]
[WhiteCountry "IND"]
[BlackCountry "CUB"]
[Result "0-1"]

1. e4 e5 2. Nf3 Nf6 3. Nxe5 d6 4. Nf3 Nxe4 5. d4 d5 6. Bd3 Be7 7. O-O Bf5 
8. c4 dxc4 9. Bxc4 O-O 10. Nc3 Nc6 11. Re1 Nd6 12. Bb3 Bg4 13. d5 Na5 
14. Bc2 Nac4 15. b3 Nb6 16. h3 Bf5 17. Nd4 Bxc2 18. Qxc2 Bf6 19. Be3 Re8 
20. a4 a6 21. Rac1 Rc8 22. Red1 Bg5 23. Bxg5 Qxg5 24. Nf3 Qh5 25. a5 Nd7 
26. Na4 Re7 27. b4 h6 28. Qd3 Nf6 29. Nc3 Rd8 30. Re1 Rde8 31. Rxe7 Rxe7 
32. Qd4 Qf5 33. Re1 Rxe1+ 34. Nxe1 Nde4 35. Nd3 Nxc3 36. Qxc3 Qxd5 37. Nc5 Nd7 
38. Nxd7 Qxd7 39. g3 b6 40. axb6 cxb6 41. h4 Qf5 42. Qd4 a5 43. bxa5 bxa5 
44. g4 Qf6 45. Qc5 Qf4 46. Qc8+ Kh7 47. h5 Qe4 48. Kh2 a4 49. Kg3 a3 
50. Qa6 Qe5+ 51. Kh3 Qc3+ 52. Kg2 Qb3 53. Qa8 Qe6 54. Kh3 a2 55. Qa5 Qb3+ 
56. Kg2 Qb1 
0-1

[Event "34th Chess Olympiad (men)"]
[Site "Istanbul"]
[Date "2000.11.12"]
[Round "14.10.3"]
[White "Gallagher, Joseph G"]
[Black "Van, Der Sterren Paul"]
[WhiteElo "2514"]
[BlackElo "2569"]
[WhiteCountry "SUI"]
[BlackCountry "NED"]
[Result "1-0"]

1. e4 c6 2. d4 d5 3. Nc3 dxe4 4. Nxe4 Bf5 5. Ng3 Bg6 6. Bc4 e6 7. Nf3 Nf6 
8. O-O Nbd7 9. Re1 Be7 10. Nh4 Qc7 11. c3 Nd5 12. Nxg6 hxg6 13. Qf3 g5 
14. h3 Nf4 15. Bd2 Nf8 16. Ne2 Rh4 17. b4 N8g6 18. Nxf4 Nxf4 19. Bf1 Rd8 
20. Re4 Bf6 21. Rae1 Kf8 22. Bc4 b5 23. Bb3 a5 24. a3 axb4 25. axb4 Ra8 
26. g3 Nxh3+ 27. Kg2 Rh6 28. Rh1 Ra3 29. Bd1 Ra2 30. Re2 Ra1 31. Ree1 Ra2 
32. Qd3 g4 33. Bxg4 Ng5 34. Rxh6 gxh6 35. Re2 Qd8 36. Bxg5 Bxg5 37. Rxa2 Qd5+ 
38. Bf3 Qxa2 39. Bxc6 Bd2 40. Qxb5 Be1 41. Qc5+ Kg8 42. d5 exd5 43. Bxd5 Qd2 
44. Qc8+ Kg7 45. Qf5 
1-0

[Event "34th Chess Olympiad (men)"]
[Site "Istanbul"]
[Date "2000.11.12"]
[Round "14.10.4"]
[White "Nijboer, Friso"]
[Black "Pelletier, Yannick"]
[WhiteElo "2537"]
[BlackElo "2474"]
[WhiteCountry "NED"]
[BlackCountry "SUI"]
[Result "0-1"]

1. e4 c5 2. Nf3 d6 3. d4 cxd4 4. Nxd4 Nf6 5. Nc3 a6 6. Bc4 e6 7. Bb3 b5 
8. O-O Be7 9. Qf3 Qc7 10. Qg3 O-O 11. Bh6 Ne8 12. Rad1 Bd7 13. Nf3 Nc6 
14. Bf4 b4 15. e5 dxe5 16. Nxe5 Nxe5 17. Bxe5 Qb7 18. Ne4 Qxe4 19. Rxd7 Bf6 
20. f4 Qc6 21. Qd3 a5 22. c3 bxc3 23. bxc3 Rc8 24. Rf3 g6 25. Qd4 Bxe5 
26. fxe5 Ng7 27. Ba4 Qc4 28. Bb3 Qe2 29. Rdxf7 Rxf7 30. Rxf7 Nf5 31. Rxf5 gxf5 
32. Bxe6+ Kh8 33. h3 Qe1+ 34. Kh2 Qxc3 35. Qd6 Re8 36. Bxf5 Qxe5+ 
37. Qxe5+ Rxe5 38. Bd7 Re4 39. a4 h5 40. Kg3 Rd4 41. Bb5 h4+ 42. Kf3 Rb4 
43. Bc6 Kg7 44. Ke3 Kf6 45. Kf3 Ke5 46. Bd7 Rb7 47. Bc6 Rg7 48. Kf2 Rc7 
49. Bb5 Kf4 50. Bd3 Rc3 51. Ke2 Kg3 
0-1

[Event "34th Chess Olympiad (men)"]
[Site "Istanbul"]
[Date "2000.11.12"]
[Round "14.11.4"]
[White "Kempinski, Robert"]
[Black "Badea, Bela"]
[WhiteElo "2522"]
[BlackElo "2480"]
[WhiteCountry "POL"]
[BlackCountry "ROM"]
[Result "1-0"]

1. d4 g6 2. c4 Bg7 3. Nf3 d6 4. e3 Nf6 5. b4 O-O 6. Bb2 Nbd7 7. Be2 e5 
8. Nc3 Re8 9. O-O e4 10. Nd2 Nf8 11. Qc2 Bf5 12. d5 h5 13. Nb3 N8h7 14. Nd4 Bg4 
15. Bxg4 hxg4 16. Nde2 Ng5 17. Ng3 Qe7 18. Rfd1 Nd7 19. Rab1 f5 20. Nce2 Bxb2 
21. Rxb2 Ne5 22. Nf4 b6 23. Rc1 Qg7 24. Rb3 Nd7 25. Nge2 Qh6 26. Ra3 Re7 
27. Ng3 Rh7 28. Kf1 Qg7 29. Qa4 Ne5 30. c5 Qe7 31. Qa6 Rf7 32. Qb7 Rd8 
33. Qxa7 bxc5 34. bxc5 Qe8 35. Qa6 Kh7 36. cxd6 Rxd6 37. Qa5 c6 38. Qc5 Rfd7 
39. Ra7 Rxa7 40. Qxa7+ Rd7 41. Qb6 cxd5 42. Qf6 Qe7 43. Qxe7+ Rxe7 44. Nxd5 Re6 
45. Rc7+ Ngf7 46. Ne2 Ra6 47. Nec3 Kh6 48. a4 Nd6 49. Nb4 Ra5 50. Ke2 Ndc4 
51. Rb7 Ra8 52. Rb5 Rd8 53. Nbd5 Nd6 54. Rb1 Ndc4 55. Rb7 Nd3 56. h4 gxh3 
57. gxh3 Nc1+ 58. Kf1 Nd2+ 59. Kg2 Na2 60. Rb2 Nxc3 61. Nxc3 Nc4 62. Rb4 Ne5 
63. Rb5 Nf3 64. Rb1 Rc8 65. Nb5 Nd2 66. Ra1 Nb3 67. Ra3 Na5 68. Rc3 Rd8 
69. Nd4 Rb8 70. Rc5 Ra8 71. Rc7 Rb8 72. Rc5 Ra8 73. h4 Nb7 74. Rc7 Nd8 
75. Rd7 Kh5 76. Kg3 Kh6 77. a5 Rc8 78. a6 Nc6 79. a7 Nxd4 80. Rxd4 Ra8 
81. Rd7 g5 82. hxg5+ Kxg5 83. Rb7 
1-0

[Event "34th Chess Olympiad (men)"]
[Site "Istanbul"]
[Date "2000.11.12"]
[Round "14.12.2"]
[White "Gulko, Boris F"]
[Black "Aleksandrov, Aleksej"]
[WhiteElo "2643"]
[BlackElo "2591"]
[WhiteCountry "USA"]
[BlackCountry "BLR"]
[Result "1/2-1/2"]

1. e4 e5 2. Nf3 Nc6 3. Bb5 Nf6 4. O-O Nxe4 5. d4 Nd6 6. Bxc6 dxc6 7. dxe5 Nf5 
8. Qxd8+ Kxd8 9. Nc3 a5 10. Ne2 Ke8 11. Nf4 
1/2-1/2

[Event "34th Chess Olympiad (men)"]
[Site "Istanbul"]
[Date "2000.11.12"]
[Round "14.13.2"]
[White "Zagrebelny, Sergey"]
[Black "Yrjola, Jouni"]
[WhiteElo "2536"]
[BlackElo "2442"]
[WhiteCountry "UZB"]
[BlackCountry "FIN"]
[Result "1/2-1/2"]

1. e4 c5 2. Nf3 d6 3. d4 cxd4 4. Nxd4 Nf6 5. Nc3 Nc6 6. Be2 g6 7. O-O Bg7 
8. Nb3 O-O 9. Re1 a6 10. Bf1 b5 11. Nd5 Nd7 12. c3 e6 13. Ne3 Nb6 14. Qf3 Ne5 
15. Qh3 f5 16. f4 Nec4 17. exf5 gxf5 18. Nxc4 bxc4 19. Nd4 e5 20. Nf3 e4 
21. Nd4 Qc7 22. Be3 Nd5 23. Rad1 Rb8 24. Bc1 Qc5 25. Kh1 Bd7 26. Qh5 Kh8 
27. h3 Rbe8 28. Be3 Nxe3 29. Rxe3 Rb8 30. Rd2 Rb6 31. Rg3 d5 32. Re3 a5 
33. Qe2 a4 34. a3 Rfb8 35. Qf2 Bxd4 36. Rxd4 Be6 37. Qh4 Qf8 38. Re2 Qd8 
39. Qf2 Qe7 40. Rdd2 Qf6 41. Qe3 R6b7 42. Kh2 h5 43. g3 Bf7 44. Kg1 Kh7 
45. Qf2 Rg8 46. Kh2 Rgb8 47. Bg2 Kg7 48. Kg1 Rb3 49. Bf1 Qb6 50. Qxb6 R8xb6 
51. Kf2 d4 52. Rxd4 Rxb2 53. g4 R2b3 54. gxf5 Rxc3 55. Rexe4 Rb2+ 56. Re2 Rcb3 
57. Rxb2 Rxb2+ 58. Ke3 Rb3+ 59. Kd2 Rxa3 60. Bxc4 Bxc4 61. Rxc4 Kf6 
62. Rc6+ Kxf5 63. Rc5+ Kg6 64. Rc6+ Kf5 65. Rc5+ Kg6 66. Rc6+ Kf5 
1/2-1/2

[Event "34th Chess Olympiad (men)"]
[Site "Istanbul"]
[Date "2000.11.12"]
[Round "14.14.2"]
[White "Krakops, Maris"]
[Black "Antonio, Rogelio Jr"]
[WhiteElo "2522"]
[BlackElo "2547"]
[WhiteCountry "LAT"]
[BlackCountry "PHI"]
[Result "1/2-1/2"]

1. e4 c5 2. Nf3 Nc6 3. d4 cxd4 4. Nxd4 Nf6 5. Nc3 e5 6. Ndb5 d6 7. Bg5 a6 
8. Na3 b5 9. Nd5 Be7 10. Bxf6 Bxf6 11. c3 Bg5 12. Nc2 O-O 13. a4 bxa4 
14. Rxa4 a5 15. Bc4 Rb8 16. b3 Kh8 17. O-O g6 18. Qe2 Bh6 19. b4 axb4 
20. cxb4 f5 21. Rfa1 fxe4 22. b5 Ne7 23. Ncb4 Nxd5 24. Nxd5 Bb7 25. Qxe4 Rf4 
26. Qe2 Rd4 27. Rd1 Rxd1+ 28. Qxd1 Rc8 29. g3 Rc5 30. Qd3 Bg7 31. Rb4 Qa8 
32. Nb6 Qd8 33. Na4 e4 34. Qd2 Rf5 35. Rb1 Qf6 36. Rd1 d5 37. Nc5 Ba8 
38. Qa2 Qb2 39. Qxa8+ Rf8 40. Qxd5 Qxf2+ 41. Kh1 Qf3+ 42. Kg1 Qf2+ 43. Kh1 Qf3+ 
44. Kg1 
1/2-1/2

[Event "34th Chess Olympiad (men)"]
[Site "Istanbul"]
[Date "2000.11.12"]
[Round "14.14.3"]
[White "Villamayor, Bong"]
[Black "Klovans, Janis"]
[WhiteElo "2495"]
[BlackElo "2481"]
[WhiteCountry "PHI"]
[BlackCountry "LAT"]
[Result "1-0"]

1. d4 Nf6 2. Nf3 e6 3. c4 d5 4. g3 dxc4 5. Bg2 Nc6 6. Qa4 Nd7 7. Qxc4 Nb6 
8. Qd3 e5 9. dxe5 Qxd3 10. exd3 Bf5 11. O-O Bxd3 12. Rd1 O-O-O 13. Bg5 Be7 
14. Bxe7 Nxe7 15. Nc3 h6 16. Rac1 a5 17. b3 Rhe8 18. Ne1 Bf5 19. Rxd8+ Rxd8 
20. Nb5 c6 21. Nd6+ Kc7 22. Nxf7 Rd2 23. Nd6 Rxa2 24. Ne8+ Kb8 25. Nxg7 Bh7 
26. Nf3 Rb2 27. Nd4 c5 28. Nde6 c4 29. bxc4 a4 30. Ra1 Nxc4 31. Bf1 Nd2 
32. Nc5 a3 33. Rxa3 Rb1 34. Rc3 Rxf1+ 35. Kg2 b5 36. Nd7+ Kb7 37. Nf6 Bg6 
38. Ne6 Rb1 39. Rc7+ Kb6 40. Rxe7 Bd3 41. Nd5+ Kc6 42. Nc3 Be4+ 43. Kh3 Re1 
44. Nd4+ Kc5 45. Ncxb5 Rh1 46. Rc7+ Kd5 47. e6 Nf1 48. Nc3+ Kxd4 49. Nxe4 Rxh2+ 
50. Kg4 Kd5 
1-0

[Event "34th Chess Olympiad (men)"]
[Site "Istanbul"]
[Date "2000.11.12"]
[Round "14.15.2"]
[White "Comas, Fabrego Luis"]
[Black "Hracek, Zbynek"]
[WhiteElo "2516"]
[BlackElo "2612"]
[WhiteCountry "ESP"]
[BlackCountry "CZE"]
[Result "1/2-1/2"]

1. d4 e6 2. c4 Nf6 3. Nf3 b6 4. Nc3 Bb7 5. Bg5 Be7 6. Qc2 c5 7. dxc5 bxc5 
8. e3 d6 9. Be2 O-O 10. O-O Nbd7 11. Rfd1 Qb6 12. Rd2 Rfd8 13. Bh4 Nf8 
14. h3 Ng6 15. Bg3 Rac8 16. Rad1 a6 17. Ne1 d5 18. cxd5 exd5 19. Qb3 Qxb3 
20. axb3 Ne4 21. Nxe4 dxe4 22. Nc2 Rxd2 23. Rxd2 Rd8 24. Rxd8+ Bxd8 25. Na3 Bd5 
26. Nc4 Nf8 27. Kf1 Ne6 28. Ke1 Kf8 29. Kd2 f5 30. Be5 Bc7 31. Bxc7 Nxc7 
32. Nb6 Bc6 33. Na4 Bxa4 34. bxa4 Ke7 35. a5 g5 36. g3 Kd6 37. Kc3 Nd5+ 
38. Kd2 Ke5 
1/2-1/2

[Event "34th Chess Olympiad (men)"]
[Site "Istanbul"]
[Date "2000.11.12"]
[Round "14.15.3"]
[White "Babula, Vlastimil"]
[Black "Magem, Badals Jordi"]
[WhiteElo "2582"]
[BlackElo "2482"]
[WhiteCountry "CZE"]
[BlackCountry "ESP"]
[Result "1/2-1/2"]

1. d4 d5 2. c4 c6 3. Nf3 Nf6 4. Nc3 dxc4 5. a4 Na6 6. e4 Bg4 7. Bxc4 e6 
8. Be3 Nb4 9. Qb3 Bxf3 10. gxf3 Be7 11. a5 b5 12. Be2 a6 13. Nb1 Nd7 14. O-O c5 
15. dxc5 Bxc5 16. Rc1 Be7 17. Na3 O-O 18. Rc3 Ne5 19. Nc2 Nec6 20. Nxb4 Nxb4 
21. f4 
1/2-1/2

[Event "34th Chess Olympiad (men)"]
[Site "Istanbul"]
[Date "2000.11.12"]
[Round "14.15.4"]
[White "Moreno, Javier"]
[Black "Polak, Tomas"]
[WhiteElo "2515"]
[BlackElo "2499"]
[WhiteCountry "ESP"]
[BlackCountry "CZE"]
[Result "1-0"]

1. e4 c6 2. d4 d5 3. e5 Bf5 4. c3 e6 5. Be3 Qb6 6. Qb3 Nd7 7. Nd2 a5 
8. Qxb6 Nxb6 9. a4 Be7 10. f4 h5 11. Ngf3 Nh6 12. h3 Bc2 13. b3 Nf5 14. Bf2 h4 
15. Be2 Rh6 16. O-O Be4 17. Rfe1 Kd7 18. Bf1 Bxf3 19. Nxf3 g6 20. Bd3 Ra7 
21. Kh2 Rh8 22. Reb1 Ng7 23. Be3 Nf5 24. Bd2 Rha8 25. Be1 Rh8 26. Ra2 Kc8 
27. c4 Kc7 28. c5 Nd7 29. b4 axb4 30. a5 Nb8 31. Bxb4 Na6 32. Bd2 Kc8 
33. Rab2 Kc7 34. Be1 Ng7 35. Bf2 Nf5 36. Rb6 Ng7 37. Bxa6 bxa6 38. Ne1 Rc8 
39. Nd3 Bd8 40. Nb4 Kd7 41. Rxa6 Rb7 42. Be1 Nf5 43. Bc3 Ng3 44. Rb2 Ne4 
45. Be1 Rcb8 46. Rb6 Bxb6 47. cxb6 c5 48. dxc5 Nxc5 49. Bf2 Rc8 50. Rc2 Na4 
51. Rxc8 Kxc8 52. Bd4 Kb8 53. Kg1 Ka8 54. Nc6 Rd7 55. a6 Nxb6 56. Bxb6 d4 
57. Nxd4 Rd5 58. Kf2 g5 59. Kf3 gxf4 60. Kxf4 Kb8 61. Ke4 Ka8 62. Nf3 
1-0

[Event "34th Chess Olympiad (men)"]
[Site "Istanbul"]
[Date "2000.11.12"]
[Round "14.16.1"]
[White "Leitao, Rafael"]
[Black "Rowson, Jonathan"]
[WhiteElo "2567"]
[BlackElo "2494"]
[WhiteCountry "BRA"]
[BlackCountry "SCO"]
[Result "1/2-1/2"]

1. e4 c5 2. Nf3 d6 3. d4 Nf6 4. Nc3 cxd4 5. Nxd4 a6 6. Be2 e5 7. Nb3 Be7 
8. Be3 Be6 9. Nd5 Nxd5 10. exd5 Bf5 11. O-O Nd7 12. Qd2 a5 13. c4 a4 
14. Nc1 O-O 15. Nd3 Bf6 16. Rac1 Re8 17. Nb4 h6 
1/2-1/2

[Event "34th Chess Olympiad (men)"]
[Site "Istanbul"]
[Date "2000.11.12"]
[Round "14.16.2"]
[White "Motwani, Paul"]
[Black "Vescovi, Giovanni"]
[WhiteElo "2464"]
[BlackElo "2526"]
[WhiteCountry "SCO"]
[BlackCountry "BRA"]
[Result "1-0"]

1. e4 c5 2. Nc3 Nc6 3. Bb5 Nd4 4. Nf3 Nxb5 5. Nxb5 d6 6. d4 Bg4 7. dxc5 Qa5+ 
8. Nc3 Qxc5 9. Be3 Qa5 10. Qd3 Bxf3 11. gxf3 Nf6 12. Qb5+ Qxb5 13. Nxb5 Rc8 
14. Nxa7 Rxc2 15. O-O g5 16. Rfc1 Rxc1+ 17. Rxc1 Kd7 18. Bb6 g4 19. Rc7+ Ke6 
20. fxg4 Nxg4 21. f3 Ne5 22. Kf2 d5 23. exd5+ Kxd5 24. Rxb7 Nd3+ 25. Ke2 Nxb2 
26. Bd8 Rg8 27. Kf1 Bg7 28. Rd7+ Kc4 29. Nc6 Bc3 30. Bxe7 Na4 31. Bh4 Rg6 
32. Rc7 Kd3 33. Ne7 Rb6 34. Rd7+ Kc4 35. Rc7+ Kd3 36. Rd7+ Kc4 37. Nf5 Rb2 
38. Ne3+ Kc5 39. Rc7+ Kd4 40. Nd1 Rb1 41. Ke2 Ba5 42. Rxf7 Ke5 43. Rxh7 Bb6 
44. Bg3+ Kf5 45. Rh4 Nb2 46. Ne3+ Bxe3 47. Kxe3 Ra1 48. Kd2 Bxe3 49. Kxe3 Ra1 
50. Kd2 
1-0

[Event "34th Chess Olympiad (men)"]
[Site "Istanbul"]
[Date "2000.11.12"]
[Round "14.18.1"]
[White "Bauer, Christian"]
[Black "Moldobaev, Emelbek"]
[WhiteElo "2562"]
[BlackElo "2404"]
[WhiteCountry "FRA"]
[BlackCountry "KGZ"]
[Result "1/2-1/2"]

1. d4 c5 2. d5 e6 3. e4 exd5 4. exd5 d6 5. Nf3 Be7 6. Bd3 Bg4 7. O-O Nf6 
8. h3 Bh5 9. Re1 O-O 10. Nc3 Nbd7 11. Bf4 Re8 12. g4 Bg6 13. Bxg6 hxg6 
14. Qd3 a6 15. a4 Qa5 16. Bd2 Qc7 17. Ng5 Ne5 18. Qg3 b5 19. axb5 axb5 
20. Rxa8 Rxa8 21. Bf4 b4 22. Nb5 Qd7 23. Nxd6 Bxd6 24. Bxe5 Bxe5 25. Rxe5 Nxd5 
26. Qf3 Rd8 27. Re1 Nf6 28. Qb3 Nh7 29. Nf3 Nf8 30. Ng5 Qd5 31. Qxd5 Rxd5 
32. Nf3 Ne6 33. Kg2 Kf8 34. Kg3 g5 35. c3 bxc3 36. bxc3 Rd3 37. Re3 Rxe3 
1/2-1/2

[Event "34th Chess Olympiad (men)"]
[Site "Istanbul"]
[Date "2000.11.12"]
[Round "14.18.2"]
[White "Magai, Vladimir"]
[Black "Degraeve, Jean-Marc"]
[WhiteElo "2546"]
[BlackElo "2540"]
[WhiteCountry "KGZ"]
[BlackCountry "FRA"]
[Result "0-1"]

1. d4 g6 2. c4 Bg7 3. Nc3 c5 4. d5 d6 5. e4 e6 6. Bd3 exd5 7. cxd5 a6 8. a4 Nh6 
9. Nf3 O-O 10. O-O Bg4 11. h3 Bxf3 12. Qxf3 Nd7 13. Bf4 Ne5 14. Qe3 f5 
15. Bc2 Qh4 16. Rae1 Nef7 17. exf5 Nxf5 18. Bxf5 gxf5 19. Re2 Bd4 20. Qd2 Ne5 
21. Kh1 Rae8 22. Bh6 Nc4 23. Qd3 Nxb2 24. Rxb2 Qxh6 25. Rxb7 f4 26. Qf3 Qg6 
27. Ne2 Be5 28. Rfb1 c4 29. Rc1 Rc8 30. Rb4 Qd3 31. Rbxc4 Qxc4 32. Rxc4 Rxc4 
33. Qb3 Re4 34. Qc2 Rb4 35. a5 Rb5 36. Qd2 Rb1+ 37. Ng1 Rc8 38. Qe2 Rxg1+ 
0-1

[Event "34th Chess Olympiad (men)"]
[Site "Istanbul"]
[Date "2000.11.12"]
[Round "14.18.3"]
[White "Fressinet, Laurent"]
[Black "Yurtaev, Leonid"]
[WhiteElo "2536"]
[BlackElo "2552"]
[WhiteCountry "FRA"]
[BlackCountry "KGZ"]
[Result "1-0"]

1. e4 e5 2. Nf3 Nc6 3. Bb5 a6 4. Bxc6 dxc6 5. O-O Bg4 6. h3 Bxf3 7. Qxf3 Bd6 
8. d3 Ne7 9. Be3 c5 10. Nd2 O-O 11. Qg4 Ng6 12. Nc4 b5 13. Na5 c6 14. Nb7 Qe7 
15. Nxd6 Qxd6 16. g3 Rfe8 17. Kh1 Rad8 18. a4 Nf8 19. f4 exf4 20. Qxf4 Qd7 
21. g4 Ne6 22. Qf5 c4 23. axb5 cxd3 24. Rxa6 dxc2 25. Rxc6 Qd1 26. Qf2 Qd3 
27. Qxf7+ Kh8 28. Rxe6 Rg8 29. Qf2 Qxb5 30. Kg2 Rd1 31. Re7 Qc6 32. Qf4 Qb5 
33. Rf2 Qd3 34. Re8 h6 35. Rxg8+ Kxg8 36. Qf7+ Kh7 37. Qf5+ Kh8 38. Qc8+ 
1-0